[Event "AUTO-OPEN-2813"]
[Site "http://www.queenalice.com/game.php?id=1110985"]
[Date "2012.10.9"]
[Round "1"]
[White "Majid"]
[Black "Monjo"]
[Result "1-0"]
[WhiteElo "2029"]
[BlackElo "1978"]

1. d4 Nf6 2. c4 g6 3. Nc3 d5 4. cxd5 Nxd5 5. e4 Nxc3 6. bxc3 Bg7 7. Bb5+ Bd7 8.
Qb3 b6 9. Nf3 Bxb5 10. Qxb5+ Qd7 11. Qxd7+ Nxd7 12. Bf4 c5 13. e5 e6 14. O-O Rc8
15. Nd2 O-O 16. Be3 cxd4 17. cxd4 Rc2 18. Ne4 Rfc8 19. a4 Nb8 20. Nd6 R8c6 21.
a5 a6 22. axb6 Rxb6 23. Rfc1 Rbb2 24. g3 Bf8 25. Nc4 Rxc1+ 26. Rxc1 Ra2 27. Nd6
Kg7 28. Rc7 1-0

[Event "AUTO-OPEN-2813"]
[Site "http://www.queenalice.com/game.php?id=1110986"]
[Date "2012.10.9"]
[Round "1"]
[White "Monjo"]
[Black "Majid"]
[Result "0-1"]
[WhiteElo "1836"]
[BlackElo "1901"]

1. e4 c5 2. Nf3 d6 3. Bb5+ Bd7 4. Bxd7+ Nxd7 5. d4 cxd4 6. Nxd4 Ngf6 7. Nc3 g6
8. O-O Bg7 9. Kh1 O-O 10. f4 a6 11. f5 e5 12. fxe6 Ne5 13. exf7+ Kxf7 14. Nd5
Nd7 15. Bg5 h6 16. Bxf6 Bxf6 17. Nxf6 Nxf6 18. Qf3 Qe7 19. Rf2 Kg7 20. Qc3 Kh7
21. Qd3 Qe5 22. Raf1 Rae8 23. Qc4 d5 24. exd5 Ng4 25. Rf7+ Rxf7 26. Rxf7+ Kg8
27. Nf3 Nf2+ 28. Kg1 Qe3 29. d6 Ne4+ 30. Kh1 Nxd6 0-1

[Event "AUTO-INT-2487"]
[Site "http://www.queenalice.com/game.php?id=1122781"]
[Date "2012.11.16"]
[Round "1"]
[White "adrian_iuga"]
[Black "Majid"]
[Result "0-1"]
[WhiteElo "1621"]
[BlackElo "1805"]

1. Nc3 d5 2. d4 g6 3. Nf3 Bg7 4. h3 Nf6 5. Bf4 c6 6. e3 O-O 7. Be2 Re8 8. O-O
Nbd7 9. Bd3 b5 10. Ne2 Qb6 11. b3 c5 12. Rb1 b4 13. dxc5 Nxc5 14. c3 Nxd3 15.
Qxd3 Bf5 16. Qd4 Qxd4 17. cxd4 Bxb1 18. Rxb1 Rac8 19. Nc1 Rc3 20. Ne2 Rc2 21.
Nc1 Rec8 0-1

[Event "AUTO-INT-2487"]
[Site "http://www.queenalice.com/game.php?id=1122782"]
[Date "2012.11.16"]
[Round "1"]
[White "Majid"]
[Black "adrian_iuga"]
[Result "1-0"]
[WhiteElo "1758"]
[BlackElo "1593"]

1. d4 d5 2. c4 c6 3. e3 Bf5 4. Nc3 e6 5. Nf3 h6 6. Be2 Nf6 7. O-O Be7 8. Nd2 O-O
9. f3 Nbd7 10. e4 dxe4 11. fxe4 Bh7 12. e5 Nd5 13. cxd5 cxd5 14. Nf3 a6 15. a3
b5 16. Bd3 Bxd3 17. Qxd3 Qb6 18. Be3 Qc7 19. Rac1 Qb7 20. Nd2 Nb6 21. Rf3 Rac8
22. Rg3 1-0

[Event "AUTO-INT-2487"]
[Site "http://www.queenalice.com/game.php?id=1122797"]
[Date "2012.11.16"]
[Round "1"]
[White "Majid"]
[Black "pride"]
[Result "1-0"]
[WhiteElo "1841"]
[BlackElo "1450"]

1. d4 Nc6 2. Nf3 f6 3. e3 e6 4. c4 b6 5. Be2 a5 6. O-O Nh6 7. Nc3 g5 8. d5 exd5
9. cxd5 Nb4 10. Nd4 Bb7 11. e4 Nf7 12. Nf5 c6 13. d6 b5 14. a3 Na6 15. Bh5 Qb8
16. Be3 c5 17. Nd5 Bxd6 18. Nxf6+ Kd8 19. Bxf7 Bxh2+ 20. Kh1 Rf8 21. Qxd7# 1-0

[Event "AUTO-INT-2487"]
[Site "http://www.queenalice.com/game.php?id=1122798"]
[Date "2012.11.16"]
[Round "1"]
[White "pride"]
[Black "Majid"]
[Result "0-1"]
[WhiteElo "1442"]
[BlackElo "1842"]

1. e3 Nf6 2. Qf3 c5 3. Nh3 Nc6 4. e4 d6 5. Nf4 g6 6. Bc4 Ne5 7. Qb3 Nxc4 8. Qxc4
Bg7 9. h4 h5 10. g4 Nxg4 11. Qb5+ Qd7 12. Qc4 Ne5 13. Qb3 O-O 14. c3 c4 15. Qd1
Qc6 16. d4 cxd3 17. Rg1 Qxe4+ 18. Be3 Nf3+ 19. Kf1 Nxg1 20. Kxg1 Bf5 21. Nd2 Qc6
22. Qf1 Qa6 23. Nd5 Rae8 24. Nb4 Qa4 25. Nxd3 Qxh4 26. Nf4 Be5 27. Nf3 Qg4+ 28.
Qg2 Bxf4 29. Nh2 Qxg2+ 30. Kxg2 Bxe3 31. fxe3 Be4+ 32. Kf2 Kg7 33. Rd1 f5 34.
Rd5 Bxd5 35. Nf1 Bxa2 36. Nd2 Rc8 37. Nf3 e5 38. Ng5 Kh6 0-1

[Event "AUTO-INT-2487"]
[Site "http://www.queenalice.com/game.php?id=1122799"]
[Date "2012.11.16"]
[Round "1"]
[White "Majid"]
[Black "edgarmribeiro"]
[Result "1-0"]
[WhiteElo "2095"]
[BlackElo "1350"]

1. d4 d5 2. c4 dxc4 3. e3 Be6 4. Na3 Nf6 5. Bxc4 Bxc4 6. Nxc4 Qd5 7. b3 Qxg2 8.
Qf3 Qxf3 9. Nxf3 b5 10. Nce5 Na6 11. Nc6 h6 12. b4 Nd5 13. a3 g5 14. Kd2 f6 15.
Bb2 Nb6 16. Kd3 Bg7 17. e4 Rf8 18. Rhe1 g4 19. Nh4 Nc4 20. Bc3 Nb8 21. Nxb8 Rxb8
22. Nf5 Rf7 23. a4 a6 24. axb5 axb5 25. Ra7 e6 26. Nxg7+ Rxg7 27. Rea1 Nb6 28.
Bd2 Rh7 29. Bf4 e5 30. dxe5 Rd8+ 31. Ke2 1-0

[Event "AUTO-INT-2487"]
[Site "http://www.queenalice.com/game.php?id=1122800"]
[Date "2012.11.16"]
[Round "1"]
[White "edgarmribeiro"]
[Black "Majid"]
[Result "0-1"]
[WhiteElo "1350"]
[BlackElo "2095"]

1. Nf3 c5 2. e4 d6 3. Bc4 Nc6 4. Ng5 e6 5. O-O Qxg5 6. d3 Qd8 7. Be3 Nf6 8. Nd2
Be7 9. g4 O-O 10. g5 Nd7 11. h4 Nde5 12. f4 Nxc4 13. dxc4 f5 14. exf5 exf5 15.
h5 Qe8 16. c3 Be6 17. Rf2 Qd7 18. b3 Rad8 19. Rg2 d5 20. h6 g6 21. a3 d4 22.
cxd4 Nxd4 23. a4 Qc6 24. Qb1 Rd7 25. Qb2 Rfd8 26. Rf1 Bf8 27. Rff2 Qc7 28. Nf1
a6 29. Qe2 Nxe2+ 30. Rxe2 Bf7 0-1

[Event "Challenge"]
[Site "http://www.queenalice.com/game.php?id=1130953"]
[Date "2012.12.13"]
[Round "-"]
[White "Majid"]
[Black "cdepalma1"]
[Result "1-0"]
[WhiteElo "2056"]
[BlackElo "2060"]

1. d4 Nf6 2. c4 e6 3. Nc3 Bb4 4. Qc2 d5 5. e3 O-O 6. Nf3 Nc6 7. Bd3 h6 8. O-O
Bd7 9. a3 Bxc3 10. bxc3 Re8 11. cxd5 exd5 12. c4 Bg4 13. Nd2 a6 14. Bb2 Ne7 15.
f3 Bh5 16. e4 dxc4 17. Bxc4 b5 18. Ba2 Rc8 19. Nb3 c6 20. Nc5 Qb6 21. Rac1 Bg6
22. Qf2 Rcd8 23. Kh1 Kh8 24. Nd3 Nd7 25. Nf4 Qc7 26. Nxg6+ fxg6 27. f4 Rf8 28.
Qe3 Rde8 29. Qd2 a5 30. d5 Qd8 31. d6 Nc8 32. e5 Ndb6 33. Rxc6 Nc4 34. Bxc4 bxc4
35. Rxc4 Rf7 36. Qc2 g5 37. f5 Nb6 38. Rc6 Nc8 39. e6 Nxd6 40. exf7 Nxf7 41. f6
g6 42. Qxg6 Rg8 43. Qxf7 Qd3 44. Rfc1 Qd2 45. Rc8 Qxc1+ 46. Bxc1 Rxc8 47. Qg7#
1-0

[Event "AUTO-OPEN-2908"]
[Site "http://www.queenalice.com/game.php?id=1147772"]
[Date "2013.2.1"]
[Round "1"]
[White "silverado"]
[Black "Majid"]
[Result "0-1"]
[WhiteElo "1764"]
[BlackElo "2084"]

1. e4 c5 2. Bc4 e6 3. a4 Nc6 4. c3 Nf6 5. d3 d5 6. exd5 exd5 7. Bb5 Qc7 8. g3
Bd6 9. f3 h6 10. Ne2 O-O 11. O-O Na5 12. d4 c4 13. Nd2 a6 14. Bxc4 Nxc4 15. Nxc4
dxc4 16. Nf4 Bd7 17. d5 Bxf4 18. Bxf4 Qc5+ 19. Kg2 Nxd5 20. Bd2 Rfe8 21. Re1 Bc6
22. b4 cxb3 23. Qxb3 Ne3+ 24. Bxe3 Rxe3 25. Rxe3 Qxe3 26. Rf1 Rd8 27. Rf2 Bxf3+
28. Rxf3 Rd2+ 29. Kh3 Qxf3 30. Qb6 Qh5# 0-1

[Event "AUTO-OPEN-2908"]
[Site "http://www.queenalice.com/game.php?id=1147773"]
[Date "2013.2.1"]
[Round "1"]
[White "Majid"]
[Black "silverado"]
[Result "1-0"]
[WhiteElo "2090"]
[BlackElo "1785"]

1. d4 e6 2. c4 Nf6 3. Nf3 h6 4. Nc3 a6 5. e4 Bb4 6. Bd3 c6 7. O-O Qb6 8. e5 Nh5
9. g4 g5 10. gxh5 g4 11. Na4 Qa5 12. Ne1 Bxe1 13. Rxe1 b5 14. Nc5 bxc4 15. Bxc4
Ra7 16. Be3 Qd8 17. Ne4 Qh4 18. Nf6+ Ke7 19. Bf1 d6 20. Qc1 Rb7 21. Bxh6 g3 22.
hxg3 Qxd4 23. Bg7 Rxb2 24. Qe3 Qxe3 25. Rxe3 Rd8 26. exd6+ Rxd6 27. Ng8+ Ke8 28.
Bxb2 Kf8 29. Ba3 Kxg8 30. Bxd6 Nd7 31. Rc1 c5 32. Bxc5 Nxc5 33. Rxc5 Bb7 34. Rc7
Bd5 35. Bc4 Bxc4 36. Rxc4 1-0

[Event "AUTO-OPEN-2908"]
[Site "http://www.queenalice.com/game.php?id=1147798"]
[Date "2013.2.1"]
[Round "1"]
[White "Majid"]
[Black "davosk"]
[Result "0-1"]
[WhiteElo "2019"]
[BlackElo "1773"]

1. d4 Nf6 2. c4 e6 3. Nc3 Bb4 4. Qc2 O-O 5. Nf3 d6 6. e4 e5 7. dxe5 dxe5 8. Bd3
Re8 9. O-O Bxc3 10. Qxc3 c5 11. h3 Nc6 12. Bg5 b6 13. a3 h6 14. Bh4 Bb7 15. Rfe1
Nd4 16. Nh2 Qd6 17. Bxf6 Qxf6 18. a4 a5 0-1

[Event "AUTO-OPEN-2908"]
[Site "http://www.queenalice.com/game.php?id=1147799"]
[Date "2013.2.1"]
[Round "1"]
[White "davosk"]
[Black "Majid"]
[Result "1-0"]
[WhiteElo "1832"]
[BlackElo "1992"]

1. e4 c5 2. Nf3 d6 3. d4 cxd4 4. Nxd4 Nf6 5. Nc3 g6 6. Be3 Bg7 7. f3 O-O 8. Qd2
Nc6 9. O-O-O Re8 10. Be2 Bd7 11. g4 a6 12. h4 Rc8 13. h5 b5 14. hxg6 fxg6 15.
Nf5 gxf5 16. Bh6 Bh8 17. gxf5 Kf7 18. f4 1-0

[Event "AUTO-OPEN-2908"]
[Site "http://www.queenalice.com/game.php?id=1147800"]
[Date "2013.2.1"]
[Round "1"]
[White "Majid"]
[Black "gms8"]
[Result "1-0"]
[WhiteElo "2090"]
[BlackElo "1430"]

1. d4 d5 2. c4 Nf6 3. cxd5 Nxd5 4. e4 Nb6 5. Nc3 a6 6. a4 e6 7. a5 N6d7 8. Nf3
c5 9. d5 exd5 10. Qxd5 Qxa5 11. Rxa5 Nc6 12. Ra4 Nb6 13. Qd1 Nxa4 14. Nxa4 Bg4
15. Be2 Nd4 16. Nxd4 cxd4 17. Bxg4 h5 18. Bf3 O-O-O 19. O-O h4 20. Bf4 f6 21.
Qc2+ Kd7 22. Nb6+ Ke7 23. e5 fxe5 24. Bg5+ Ke8 25. Qg6# 1-0

[Event "AUTO-OPEN-2908"]
[Site "http://www.queenalice.com/game.php?id=1147801"]
[Date "2013.2.1"]
[Round "1"]
[White "gms8"]
[Black "Majid"]
[Result "0-1"]
[WhiteElo "1424"]
[BlackElo "2095"]

1. d4 d5 2. e3 Nf6 3. c4 dxc4 4. Bxc4 e6 5. Qa4+ c6 6. Qb3 Be7 7. Nc3 Nbd7 8. e4
Nb6 9. Be2 O-O 10. Nf3 Bd7 11. Be3 h6 12. O-O-O Qc7 13. Ne5 c5 14. dxc5 Bxc5 15.
Bxc5 Qxc5 16. Bb5 Qxe5 17. Bxd7 Nfxd7 18. g3 Rfc8 19. f4 Qxe4 20. Rhe1 Qf5 21.
a4 Nc5 22. Qb5 Ncxa4 23. Re5 Nxc3 24. bxc3 Rxc3+ 25. Kd2 Qc2+ 26. Ke1 Qxh2 27.
g4 Qg3+ 28. Kd2 Rd8+ 29. Ke2 Rc2+ 30. Rd2 Rcxd2+ 31. Kf1 Qf2# 0-1